Criaturas sin muerte

Wedi'i Gadw mewn:
Manylion Llyfryddiaeth
Prif Awdur: Cartosio, Emma de
Fformat: Llyfr
Iaith:Undetermined
Cyhoeddwyd: Madrid, España Cultura Hispánica 1967
Pynciau:
Tagiau: Ychwanegu Tag
Dim Tagiau, Byddwch y cyntaf i dagio'r cofnod hwn!

MARC

LEADER 00000nam a2200000Ia 4500
008 170316s9999 xx 000 0 und d
040 |a cru BVZT 
090 |a 862 C-20c 
100 |a Cartosio, Emma de 
245 |a Criaturas sin muerte 
260 |a Madrid, España 
260 |b Cultura Hispánica 
260 |c 1967 
300 |a 78 páginas 
650 |a LITERATURA ESPAÑOLA 
999 |c 9625  |d 9625 
942 |c 15 D  |h 862 C-20c  |2 z